000 00899 a2200181 4500
001 142483
040 _cLeonardo Da Vinci
041 _aPortuguês
082 _av221
100 _aEDUCACIONAL SHOP VIDEO
245 _aSíntese de proteínas
250 _av.1-2
260 _bESV
_aSão Paulo
490 _aTV Ontario
520 _aO vídeo mostra a importância das proteínas como blocos básicos de construção da vida, e o papel fundamental que a síntese de proteínas exerce em todos os seres vivos. Explora um aspecto do processo; da manufatura do DNA ou ADN às funções do RNA ou ARN mensageiro e de transferência
697 _aBiologia
_aProteína: O recheio da vida
_aDNA ou ADN: a molécula da hereditariedade
_aReprodução do DNA ou ADN: a fórmula da repetição
_aSíntese do RNA ou ARN: o mensageiro genético
_aRNA ou ARN ribossômico: a fábrica de proteínas
942 _cVM
999 _c142483
_d142483